000 00737nam a2200229 a 4500
001 000044126
003 DO-SdBNP
005 20210706095042.0
008 091016s1979 dr 000 0 spa d
040 _aDO-SdBNP
_bspa
_cBNPHU
082 _axxxx
_bB681
100 1 _aBoin, Jacqueline
_97799
245 1 3 _aEl proceso de desarrollo del capitalismo en la República Dominicana (1844-1930) /
_cJacqueline Boin, José Serrulle Ramia.
260 _aSanto Domingo :
_bEdiciones Gramil,
_c1979.
300 _av. ;
_c22 cm.
500 _aTraducido del idioma francés
500 _aIncluye notas al pie de las páginas
590 _aInventariado, 2021 / DG
700 1 _aSerulle Ramia, José
_96953
910 _aD/G
942 _2ddc
_cLBS1
999 _c43615
_d43615